• 首页
  • 本馆介绍
  • 公告通知
  • 最新文献
  • 馆藏检索
  • 电子资源
  • 读者导购
  • 参考咨询
  • 我的图书馆
  • 登录
  • 详细信息显示
  • 放入我的书架
  • 预约/预借图书
  • 作者相关作品
  • 分类相关作品
  • 丛书相关作品
  • 出版社相关作品

书目信息

  • 表格格式
  • 工作单格式
  • 卡片格式
题名:
SQL Server 2012数据库应用教程
    
 
作者: 刘勇军 , 张丽 , 蒋文君 主编
分册:  
出版信息: 北京   电子工业出版社  2016.1
页数: 11,283页
开本: 26cm
丛书名:
单 册:
中图分类: TP311.132.3- , TP311.138SQ-43
科图分类:
主题词: 关系数据库--数据库管理系统,SQL Server 2012--高等职业教育--教材
电子资源:
ISBN: 978-7-121-27467-1
000 01104nam0 2200301 450
001 0400005875
005 20171113092125.51
010    @a978-7-121-27467-1@dCNY38.00
100    @a20160219d2016 em y0chiy50 ea
101 0  @achi
102    @aCN@b110000
105    @ay z 000yy
106    @ar
200 1  @aSQL Server 2012数据库应用教程@ASQL Server 2012 shu ju ku ying yong jiao cheng@b专著@f刘勇军,张丽,蒋文君主编
205    @a第2版
210    @a北京@c电子工业出版社@d2016.1
215    @a11,283页@d26cm
300    @a普通高等职业教育计算机系列规划教材 数据库
330    @a本书是以工作过程为导向,以当前流行的SQL Server 2012为平台(也介绍了2016版)的实用教程,内容包括:数据库基础知识、SQL Server教程、SQLServer实训项目和附录。
606 0  @a关系数据库@x数据库管理系统,SQL Server 2012@x高等职业教育@j教材
610 0  @aSQL Server
690    @aTP311.132.3-@v5
690    @aTP311.138SQ-43@v5
701  0 @a刘勇军@Aliu yong jun@4主编
701  0 @a张丽@Azhang li@4主编
701  0 @a蒋文君@AJIANG WEN JUN@4主编
801  0 @aCN@b上海新华@c20171031
905    @b1023349-53@dTP311.132.3-@e1218=2@f5
    
    SQL Server 2012数据库应用教程/刘勇军,张丽,蒋文君主编.-第2版.-北京:电子工业出版社,2016.1
    11,283页;26cm
    普通高等职业教育计算机系列规划教材 数据库
    
    ISBN 978-7-121-27467-1:CNY38.00
    本书是以工作过程为导向,以当前流行的SQL Server 2012为平台(也介绍了2016版)的实用教程,内容包括:数据库基础知识、SQL Server教程、SQLServer实训项目和附录。
●
相关链接 在E读中查询图书 在五车中查询图书 在当当中查询图书 在豆瓣中查询图书


正题名:SQL Server 2012数据库应用教程     索取号:TP311.132.3-/1218=2         预约/预借

序号 登录号 条形码 馆藏地/架位号 状态 备注
1 1023349   210233497   第二样本阅览室/ [索取号:TP311.132.3-/1218=2] 在馆    
2 1023350   210233503   密集书库—计算机科学学院/ [索取号:TP311.132.3-/1218=2] 在馆    
3 1023351   210233512   第三借阅区/ [索取号:TP311.132.3-/1218=2] 在馆    
4 1023352   210233521   第三借阅区/ [索取号:TP311.132.3-/1218=2] 在馆    
5 1023353   210233530   第三借阅区/ [索取号:TP311.132.3-/1218=2] 在馆    
唐山师范学院图书馆 欢迎您!
大连网信软件有限公司© 版权所有